Score 0/20 Timer 03:00
0 Plays Today
Game Board or Bogus? % Correct
Mall Madness???
73.6%
Crash! The Bankrupt Game???
68.5%
Ghettopoly???
65.7%
Dingo Bingo???
59.8%
CannibalQuest???
58.5%
The HellGame???
58.1%
Hey Pa! There's a Goat on the Roof???
57%
Thesaurus Rex???
54.6%
Squatter???
50.4%
Chicken Cha Cha Cha???
46.7%
Game Board or Bogus? % Correct
Kooky Kooky Karpenters???
45.6%
Kill Doctor Lucky???
38.3%
Stump the Nun???
36.5%
Blood Bowl???
35.8%
Primordial Soup???
35.2%
Stilts & Kilts???
35%
The Really Nasty Horse Racing Game???
30.2%
Dance for Your Life!???
29.2%
Yank It!???
26.9%
Jinkies! Velma's Monster Mystery???
19.9%

You're not logged in!

Compare scores with friends on all Sporcle quizzes.
OR
Log In

Sporcle TV

Today on Sporcle TV


Watch our educational content, quiz creation guides, and fun videos on Sporcle TV.

Show Comments

Extras

Top Quizzes Today


Score Distribution

Paid Content

Your Account Isn't Verified!

In order to create a playlist on Sporcle, you need to verify the email address you used during registration. Go to your Sporcle Settings to finish the process.

Report this User

Report this user for behavior that violates our Community Guidelines.

Details: